000 00326pam a2200145 a 4500
020 _c
041 _h
100 _aCOLIN TURNER
_eAuthor
245 _aPATHS TO SUCCEED
_cCOLIN TURNER
_hTextual Documents
260 _anew york
_bTexere Pub
300 _a166
653 _aManagement
700 _eCo-Author
930 _a3661
999 _c231058
_d231058